[Event "Warsaw Najdorf Memorial op-A"]
[Site "Warsaw"]
[Date "2023.07.18"]
[Round "8"]
[White "Gorkiewicz, Mateusz"]
[Black "Wojtaszewski, Piotr"]
[Result "1-0"]
[WhiteElo "2122"]
[BlackElo "1994"]
[PlyCount "129"]
[EventDate "2023.07.11"]
[EventType "swiss"]
[EventRounds "9"]
[EventCountry "POL"]
[SourceTitle "EXT 2024"]
[Source "ChessBase"]
[SourceDate "2023.10.10"]
[SourceVersion "1"]
[SourceVersionDate "2023.10.10"]
[SourceQuality "1"]

1. e4 e6 2. d4 d5 3. Nc3 Bb4 4. e5 c5 5. Bd2 Ne7 6. Nb5 0-0 7. c3 Ba5 8. dxc5 a6 9. Nd4 Bc7 10. Ngf3 Ng6 11. Bd3 Nd7 12. Bxg6 hxg6 13. Qe2 Nxc5 14. h4 f6 15. h5 gxh5 16. Rxh5 Qe8 17. Rh4 Qg6 18. exf6 Rxf6 19. Bg5 Rf7 20. 0-0-0 Rxf3 21. Nxf3 Bd7 22. Qc2 Be8 23. Qxg6 Bxg6 24. Ne1 Rf8 25. Be7 Rf4 26. g3 Rxh4 27. Bxh4 Bb6 28. f3 Nd7 29. Kd2 Ne5 30. b3 d4 31. cxd4 Bxd4 32. Ke2 Nc6 33. Nd3 e5 34. g4 e4 35. Nf4 exf3+ 36. Kxf3 Bc2 37. Rd2 Bb1 38. Bf2 Bc3 39. Re2 Kf7 40. Kg3 Be5 41. Kf3 Bb8 42. g5 g6 43. Nd5 Ne5+ 44. Kg2 Ke6 45. Nc3 Bd3 46. Re3 Kf5 47. Bg3 Bc2 48. Kf1 b5 49. Ne2 Ng4 50. Rf3+ Ke4 51. Bxb8 Kxf3 52. Nd4+ Ke3 53. Nxc2+ Kd2 54. Nb4 a5 55. Nc6 a4 56. Bf4+ Kc3 57. bxa4 bxa4 58. Ne5 Kb2 59. Nxg4 Kxa2 60. Ne5 Kb3 61. Nxg6 Kc4 62. Be5 Kd5 63. Ba1 Ke6 64. Nh4 Kf7 65. Kg2 1-0

[Event "Warsaw Przepiorka Memorial"]
[Site "Warsaw"]
[Date "2019.12.30"]
[Round "7"]
[White "Starosta, Martyna"]
[Black "Wojtaszewski, Piotr"]
[Result "1/2-1/2"]
[WhiteElo "2019"]
[BlackElo "2045"]
[PlyCount "60"]
[EventDate "2019.12.27"]
[EventType "swiss"]
[EventRounds "9"]
[EventCountry "POL"]
[SourceTitle "CBM 194 Extra"]
[Source "ChessBase"]
[SourceDate "2020.03.31"]
[SourceVersion "1"]
[SourceVersionDate "2020.03.31"]
[SourceQuality "1"]

1. e4 g6 2. d4 Bg7 3. Nc3 d5 4. Nxd5 c6 5. Nc3 Qxd4 6. Qxd4 Bxd4 7. Bd2 Nd7 8. f4 Bg7 9. Nf3 Ngf6 10. e5 Nd5 11. Nxd5 cxd5 12. Nd4 Nc5 13. Nb5 Ne6 14. 0-0-0 Bd7 15. Be3 Bc6 16. Nd4 Nxd4 17. Bxd4 e6 18. h4 h5 19. Be2 Bf8 20. Kd2 b6 21. Ke3 Bc5 22. g4 hxg4 23. Bxg4 Ke7 24. Rh3 Rac8 25. c3 Ba4 26. b3 Bb5 27. Rdh1 Bd7 28. Be2 a5 29. a4 Rcg8 30. Bd3 Rh5 1/2-1/2

[Event "Warsaw Przepiorka Memorial"]
[Site "Warsaw"]
[Date "2019.12.27"]
[Round "1"]
[White "Niekras, Dawid"]
[Black "Wojtaszewski, Piotr"]
[Result "1-0"]
[WhiteElo "2331"]
[BlackElo "2045"]
[PlyCount "69"]
[EventDate "2019.12.27"]
[EventType "swiss"]
[EventRounds "9"]
[EventCountry "POL"]
[SourceTitle "CBM 194 Extra"]
[Source "ChessBase"]
[SourceDate "2020.03.31"]
[SourceVersion "1"]
[SourceVersionDate "2020.03.31"]
[SourceQuality "1"]

1. e4 c5 2. Nf3 Nc6 3. d4 cxd4 4. Nxd4 e5 5. Nb5 d6 6. N1c3 a6 7. Na3 b5 8. Nd5 Nf6 9. Bg5 Be7 10. Bxf6 gxf6 11. c3 f5 12. exf5 Bxf5 13. Nc2 0-0 14. g3 Be4 15. Qg4+ Bg6 16. Bg2 Rc8 17. Qe2 Bg5 18. 0-0 Re8 19. Nce3 f5 20. f4 exf4 21. gxf4 Bh4 22. Qd3 Ne7 23. a4 Nxd5 24. Nxd5 Rc5 25. axb5 axb5 26. Ra7 Re4 27. Bxe4 fxe4 28. Qd4 Bf7 29. Rxf7 Kxf7 30. Qxe4 Qg8+ 31. Kh1 Qg6 32. f5 Qh6 33. f6 Qf8 34. Qxh7+ Ke6 35. Nf4+ 1-0

[Event "Mazowiec-chT 1617"]
[Site "Warsaw"]
[Date "2017.02.05"]
[Round "10.3"]
[White "Wojtaszewski, Piotr"]
[Black "Malicka, Maria"]
[Result "1/2-1/2"]
[WhiteElo "1995"]
[BlackElo "1901"]
[PlyCount "101"]
[EventDate "2016.12.11"]
[EventType "team-tourn"]
[EventRounds "10"]
[EventCountry "POL"]
[SourceTitle "EXT 2019"]
[Source "ChessBase"]
[SourceDate "2018.10.10"]
[SourceVersion "1"]
[SourceVersionDate "2018.10.10"]
[SourceQuality "1"]

1. e4 e5 2. Nc3 Nf6 3. f4 d5 4. fxe5 Nxe4 5. d3 Qh4+ 6. g3 Nxg3 7. Nf3 Qh5 8. Nxd5 Nxh1 9. Nxc7+ Kd8 10. Nxa8 Bg4 11. Bg2 Nc6 12. d4 Bxf3 13. Qxf3 Qxf3 14. Bxf3 Nxd4 15. Be4 Bc5 16. c3 Nc6 17. Bg5+ Kc8 18. Bxh1 Kb8 19. b4 Re8 20. 0-0-0 Bf8 21. Bxc6 bxc6 22. Rd7 Kxa8 23. Rxf7 a5 24. a3 axb4 25. axb4 h6 26. Bf4 g5 27. Be3 Kb8 28. Kc2 Kc8 29. Kd3 Be7 30. Ke4 h5 31. Rh7 h4 32. Rg7 Bf6 33. Rxg5 Bxg5 34. Bxg5 h3 35. Kf5 Kd7 36. Bf6 Rg8 37. e6+ Ke8 38. Bg5 Rf8+ 39. Bf6 Rg8 40. c4 Rg2 41. Be5 Rc2 42. c5 Rc4 43. Bd6 Rxb4 44. Kf6 Ra4 45. Bg3 Ra5 46. Bd6 Ra4 47. Kf5 Rb4 48. Kf6 Ra4 49. e7 Rb4 50. Ke6 Rb7 51. Kf6 1/2-1/2

[Event "Mazowiec-chT 1617"]
[Site "Warsaw"]
[Date "2017.01.08"]
[Round "3.17"]
[White "Wojtaszewski, Piotr"]
[Black "Pajak, Jakub Lech"]
[Result "1/2-1/2"]
[WhiteElo "1995"]
[BlackElo "1893"]
[PlyCount "72"]
[EventDate "2016.12.11"]
[EventType "team-tourn"]
[EventRounds "10"]
[EventCountry "POL"]
[SourceTitle "EXT 2019"]
[Source "ChessBase"]
[SourceDate "2018.10.10"]
[SourceVersion "1"]
[SourceVersionDate "2018.10.10"]
[SourceQuality "1"]

1. c4 c6 2. g3 d5 3. cxd5 cxd5 4. Bg2 Nf6 5. Nf3 Nc6 6. d4 e6 7. 0-0 Bd6 8. Nc3 a6 9. Bg5 h6 10. Bxf6 Qxf6 11. e4 dxe4 12. Nxe4 Qe7 13. Re1 0-0 14. Qb1 Bb4 15. Rd1 Bd7 16. a3 Ba5 17. b4 Bb6 18. Nc5 Bxc5 19. dxc5 Rad8 20. Qb2 Bc8 21. Ne5 Rxd1+ 22. Rxd1 Nxe5 23. Qxe5 Rd8 24. Rxd8+ Qxd8 25. Qb8 Qd7 26. a4 Kh7 27. b5 e5 28. Bf1 axb5 29. axb5 Qe6 30. Qc7 e4 31. c6 bxc6 32. b6 e3 33. Bd3+ f5 34. b7 Bxb7 35. Qxb7 e2 36. Bxe2 Qxe2 1/2-1/2

[Event "Bialystok Zamenhof Memorial 35th"]
[Site "Bialystok"]
[Date "2016.12.30"]
[Round "7"]
[White "Wojtaszewski, Piotr"]
[Black "Wisniewski, Michal"]
[Result "1/2-1/2"]
[WhiteElo "1995"]
[BlackElo "2144"]
[PlyCount "46"]
[EventDate "2016.12.27"]
[EventType "swiss (rapid)"]
[EventRounds "9"]
[EventCountry "POL"]
[SourceTitle "CBM 176 Extra"]
[Source "ChessBase"]
[SourceDate "2017.03.02"]
[SourceVersion "1"]
[SourceVersionDate "2017.03.02"]
[SourceQuality "1"]

1. e4 Nf6 2. Nc3 e5 3. f4 d5 4. fxe5 Nxe4 5. Nf3 Bg4 6. d3 Nxc3 7. bxc3 Be7 8. Be2 0-0 9. 0-0 c5 10. Rb1 b6 11. Bf4 Nc6 12. h3 Be6 13. Qd2 f6 14. Rbe1 Qd7 15. d4 a6 16. Bd1 cxd4 17. cxd4 Bf5 18. exf6 Bxf6 19. Ne5 Nxe5 20. Bxe5 Bxe5 21. Rxe5 Be4 22. Rxf8+ Rxf8 23. c4 Kh8 1/2-1/2

[Event "Bialystok Zamenhof Memorial 35th"]
[Site "Bialystok"]
[Date "2016.12.29"]
[Round "5"]
[White "Wojtaszewski, Piotr"]
[Black "Walkusz, Witoslaw"]
[Result "1-0"]
[WhiteElo "1995"]
[BlackElo "2171"]
[PlyCount "101"]
[EventDate "2016.12.27"]
[EventType "swiss (rapid)"]
[EventRounds "9"]
[EventCountry "POL"]
[SourceTitle "CBM 176 Extra"]
[Source "ChessBase"]
[SourceDate "2017.03.02"]
[SourceVersion "1"]
[SourceVersionDate "2017.03.02"]
[SourceQuality "1"]

1. e4 e5 2. Nf3 Nc6 3. Bb5 a6 4. Ba4 Nf6 5. 0-0 b5 6. Bb3 Be7 7. Re1 d6 8. c3 0-0 9. h3 Bb7 10. d4 Re8 11. Bxf7+ Kxf7 12. b4 Qd7 13. Qb3+ Kf8 14. Re3 Bd8 15. Nbd2 d5 16. dxe5 Nxe5 17. Nxe5 Rxe5 18. f4 Rxe4 19. Nxe4 Nxe4 20. Re1 Qc6 21. Be3 Qxc3 22. Bc5+ Kf7 23. Qd1 Nxc5 24. Rc1 Qxe1+ 25. Qxe1 Nd3 26. Qd1 Nxc1 27. Qxc1 c6 28. Qc2 Bb6+ 29. Kf1 Kg8 30. Qf5 Rd8 31. Qe6+ Kh8 32. f5 Ba8 33. Ke2 Bd4 34. Kd3 Bf6 35. g4 a5 36. a3 a4 37. Qf7 h6 38. Qh5 Bb7 39. h4 Bc8 40. Kd2 Bb2 41. Qf7 Bxa3 42. Qe7 Rg8 43. Kc2 c5 44. Qxc5 h5 45. Qxd5 hxg4 46. Qf7 Rd8 47. Kc3 Bc1 48. f6 Bd2+ 49. Kb2 Bh6 50. Qe7 Rd2+ 51. Kc3 1-0

[Event "Warsaw YMCA Autumn-A 174th"]
[Site "Warsaw"]
[Date "2016.10.21"]
[Round "5"]
[White "Praczukowski, Stanislaw"]
[Black "Wojtaszewski, Piotr"]
[Result "0-1"]
[WhiteElo "2100"]
[BlackElo "1998"]
[PlyCount "76"]
[EventDate "2016.09.23"]
[EventType "tourn"]
[EventRounds "13"]
[EventCountry "POL"]
[SourceTitle "EXT 2018"]
[Source "ChessBase"]
[SourceDate "2017.10.13"]
[SourceVersion "1"]
[SourceVersionDate "2017.10.13"]
[SourceQuality "1"]

1. e4 g6 2. d4 Bg7 3. Nc3 d5 4. exd5 Nf6 5. Bb5+ Bd7 6. Qf3 0-0 7. Bxd7 Qxd7 8. Nge2 Na6 9. a3 Rad8 10. Bg5 b5 11. 0-0 b4 12. Bxf6 Bxf6 13. Ne4 Bg7 14. axb4 Nxb4 15. c3 Nxd5 16. Rxa7 e5 17. Rd1 f5 18. Nc5 e4 19. Qg3 Qb5 20. Re1 f4 21. Qg4 f3 22. Rb7 Qc6 23. Ng3 Nf4 24. Rxe4 h5 25. Qg5 Rd5 26. Qe7 Rxc5 27. Ra7 Rc4 28. gxf3 Qb6 29. Qa3 Rc6 30. Ra8 Rcf6 31. Ree8 Qc6 32. Qb3+ Kh7 33. Rxf8 Qxf3 34. Rh8+ Bxh8 35. Qg8+ Kh6 36. Qxh8+ Kg5 37. Ra5+ Kg4 38. Qa8 Nh3+ 0-1

[Event "Warsaw YMCA Autumn-A 174th"]
[Site "Warsaw"]
[Date "2016.10.07"]
[Round "3"]
[White "Pajak, Jakub Lech"]
[Black "Wojtaszewski, Piotr"]
[Result "1-0"]
[WhiteElo "1893"]
[BlackElo "1998"]
[PlyCount "35"]
[EventDate "2016.09.23"]
[EventType "tourn"]
[EventRounds "13"]
[EventCountry "POL"]
[SourceTitle "EXT 2018"]
[Source "ChessBase"]
[SourceDate "2017.10.13"]
[SourceVersion "1"]
[SourceVersionDate "2017.10.13"]
[SourceQuality "1"]

1. d4 Nf6 2. Bg5 d5 3. Nc3 Bf5 4. e3 c6 5. Bd3 Bxd3 6. Qxd3 Nbd7 7. e4 dxe4 8. Nxe4 Nxe4 9. Qxe4 Qa5+ 10. Bd2 Qb6 11. 0-0-0 Nf6 12. Qe5 Rd8 13. Ba5 Qb5 14. Bxd8 Kxd8 15. Qb8+ Kd7 16. Nf3 g6 17. Ne5+ Ke6 18. Qc8+ 1-0

[Event "Mazowiec-chT 1516"]
[Site "Poland"]
[Date "2016.01.10"]
[Round "2.19"]
[White "Pac, Maciej"]
[Black "Wojtaszewski, Piotr"]
[Result "0-1"]
[WhiteElo "1726"]
[BlackElo "1981"]
[PlyCount "72"]
[EventDate "2015.12.13"]
[EventType "team-tourn"]
[EventRounds "7"]
[EventCountry "POL"]
[SourceTitle "EXT 2019"]
[Source "ChessBase"]
[SourceDate "2018.10.10"]
[SourceVersion "1"]
[SourceVersionDate "2018.10.10"]
[SourceQuality "1"]
[WhiteTeam "Warszawa Entropia"]
[BlackTeam "Chylice Laura"]
[WhiteTeamCountry "POL"]
[BlackTeamCountry "POL"]

1. e4 g6 2. d4 Bg7 3. Ne2 c5 4. c3 d5 5. exd5 Qxd5 6. dxc5 Qxc5 7. Be3 Qc7 8. Nd4 a6 9. Na3 Bd7 10. Nac2 e5 11. Nf3 Ne7 12. Qd2 Nbc6 13. Be2 Rd8 14. Qc1 Nf5 15. Bg5 f6 16. Bd2 Be6 17. Ne3 Nce7 18. 0-0 0-0 19. Nxf5 Nxf5 20. Be3 g5 21. h3 Rd7 22. Rd1 Rfd8 23. Rxd7 Rxd7 24. Nh2 Nh4 25. Nf3 Ng6 26. c4 Bf8 27. c5 Nf4 28. Bxf4 gxf4 29. b4 e4 30. Bc4 Qc6 31. Ne1 Bxc4 32. Qxc4+ Qd5 33. Qxd5+ Rxd5 34. Nc2 f5 35. a3 Bg7 36. Rb1 Rd2 0-1

[Event "Mazowiec-chT 1415"]
[Site "Warsaw"]
[Date "2015.02.08"]
[Round "2.1"]
[White "Wojtaszewski, Piotr"]
[Black "Sokolowski, Stanislaw"]
[Result "0-1"]
[WhiteElo "2006"]
[BlackElo "2265"]
[PlyCount "98"]
[EventDate "2015.01.11"]
[EventType "team-tourn"]
[EventRounds "7"]
[EventCountry "POL"]
[SourceTitle "EXT 2019"]
[Source "ChessBase"]
[SourceDate "2018.10.10"]
[SourceVersion "1"]
[SourceVersionDate "2018.10.10"]
[SourceQuality "1"]

1. e4 c5 2. Nc3 g6 3. Bc4 Bg7 4. Nge2 Nc6 5. a3 e6 6. d3 Nge7 7. Bg5 h6 8. Bh4 0-0 9. 0-0 d6 10. f4 Qc7 11. Kh1 Kh7 12. Ng3 Nd4 13. f5 exf5 14. Bxe7 Qxe7 15. Nd5 Qh4 16. c3 Be5 17. Kg1 f4 18. Rxf4 Bxf4 19. cxd4 cxd4 20. Qf3 Be5 21. Rf1 Be6 22. Nc7 Rac8 23. Nxe6 fxe6 24. Qxf8 Rxf8 25. Rxf8 Qe7 26. Rf2 Kg7 27. Nf1 Qd7 28. Nd2 b5 29. Bb3 a5 30. g3 a4 31. Ba2 Bf6 32. Nf3 Qc8 33. Kg2 h5 34. h4 Kh6 35. Kh2 g5 36. hxg5+ Bxg5 37. Nxg5 Kxg5 38. Kg2 h4 39. gxh4+ Kxh4 40. Rf4+ Kg5 41. Rf2 e5 42. Bf7 Qg4+ 43. Kh2 Qd1 44. Rf5+ Kh4 45. Bh5 Qd2+ 46. Kg1 Qxd3 47. Bf3 Qe3+ 48. Kg2 Qd2+ 49. Kf1 Kg3 0-1

[Event "POL-chT2"]
[Site "Poronin"]
[Date "2013.09.13"]
[Round "7.70"]
[White "Wojtaszewski, Piotr"]
[Black "Zebracki, Tomasz"]
[Result "1-0"]
[WhiteElo "2039"]
[BlackElo "2029"]
[PlyCount "95"]
[EventDate "2013.09.06"]
[EventType "team-swiss"]
[EventRounds "9"]
[EventCountry "POL"]
[SourceTitle "EXT 2015"]
[Source "ChessBase"]
[SourceDate "2014.11.20"]
[SourceVersion "1"]
[SourceVersionDate "2014.11.20"]
[SourceQuality "1"]
[WhiteTeam "Chylice UKS Szachylice"]
[BlackTeam "Bydgoszcz SSz Pocztowiec"]
[WhiteTeamCountry "POL"]
[BlackTeamCountry "POL"]

1. e4 e6 2. d3 c5 3. Nd2 d5 4. g3 Nc6 5. Bg2 g6 6. Ngf3 Bg7 7. 0-0 Nge7 8. Re1 b6 9. e5 g5 10. Nxg5 Nxe5 11. Qh5 h6 12. Ngf3 N5g6 13. Nh4 Nxh4 14. Qxh4 Nc6 15. Qg4 Bf6 16. Nf3 Bb7 17. c3 Qd7 18. d4 0-0-0 19. Ne5 Bxe5 20. dxe5 h5 21. Qh4 Ne7 22. Bg5 Ng6 23. Qh3 Rdg8 24. f4 h4 25. g4 Qa4 26. b3 Qd7 27. Rad1 Rh7 28. Bf3 Rhg7 29. Qg2 d4 30. h3 Bxf3 31. Qxf3 Kb8 32. b4 Qd5 33. Qxd5 exd5 34. bxc5 bxc5 35. cxd4 c4 36. f5 Nf8 37. Bf6 Rh7 38. Rb1+ Kc7 39. Rb5 Nd7 40. Rxd5 Rb8 41. Rc1 Rb4 42. Be7 Ra4 43. a3 Rh6 44. g5 Rb6 45. Bd6+ Kd8 46. g6 fxg6 47. fxg6 Rxa3 48. Bxa3 1-0

[Event "Warsaw YMCA Summer 125th"]
[Site "Warsaw"]
[Date "2013.07.05"]
[Round "1"]
[White "Goslawski, Michal"]
[Black "Wojtaszewski, Piotr"]
[Result "0-1"]
[WhiteElo "2118"]
[BlackElo "2018"]
[PlyCount "78"]
[EventDate "2013.07.05"]
[EventType "tourn"]
[EventRounds "10"]
[EventCountry "POL"]
[SourceTitle "EXT 2014"]
[Source "ChessBase"]
[SourceDate "2013.11.20"]
[SourceVersion "1"]
[SourceVersionDate "2013.11.20"]
[SourceQuality "1"]

1. Nf3 Nf6 2. c4 Nc6 3. d4 d6 4. d5 Ne5 5. Nxe5 dxe5 6. Nc3 e6 7. e4 exd5 8. cxd5 Bc5 9. Be2 0-0 10. 0-0 Bd7 11. Bg5 c6 12. Rc1 Bd4 13. Qb3 Qb6 14. Bxf6 Qxb3 15. axb3 gxf6 16. Bc4 c5 17. Bd3 Rfc8 18. Rc2 b6 19. Ne2 a5 20. Nxd4 exd4 21. f4 a4 22. bxa4 Bxa4 23. Rcc1 Bb3 24. Bc4 Bxc4 25. Rxc4 Ra2 26. b4 Re2 27. bxc5 bxc5 28. Rfc1 Rxe4 29. g3 f5 30. Kf2 d3 31. Rxe4 fxe4 32. Ke3 f5 33. g4 c4 34. d6 Kf7 35. d7 Rd8 36. Rxc4 Rxd7 37. Rc1 d2 38. Rd1 Rd3+ 39. Ke2 fxg4 0-1

[Event "Mazowiec-chT 1112"]
[Site "Poland"]
[Date "2012.02.05"]
[Round "6.14"]
[White "Wojtaszewski, Piotr"]
[Black "Milczarek, Robert"]
[Result "1-0"]
[WhiteElo "2006"]
[BlackElo "1864"]
[PlyCount "51"]
[EventDate "2012.01.08"]
[EventType "team-tourn"]
[EventRounds "10"]
[EventCountry "POL"]
[SourceTitle "EXT 2019"]
[Source "ChessBase"]
[SourceDate "2018.10.10"]
[SourceVersion "1"]
[SourceVersionDate "2018.10.10"]
[SourceQuality "1"]

1. c4 Nf6 2. Nc3 g6 3. g3 Bg7 4. Bg2 0-0 5. e4 e5 6. Nge2 c5 7. 0-0 d6 8. d3 h6 9. f4 Bg4 10. h3 Bd7 11. f5 g5 12. Nd5 Nc6 13. g4 Nd4 14. Ng3 Nxd5 15. exd5 f6 16. Ne4 Qe7 17. Be3 b5 18. Bxd4 cxd4 19. c5 dxc5 20. d6 Qd8 21. Nxc5 Rc8 22. Rc1 Kh7 23. Qb3 Re8 24. Qf7 Bxf5 25. gxf5 Qxd6 26. Ne6 1-0

[Event "POL-chT3 Mazowiecki"]
[Site "Warsaw"]
[Date "2011.03.20"]
[Round "10.6"]
[White "Wojtaszewski, Piotr"]
[Black "Barglowski, Filip"]
[Result "0-1"]
[WhiteElo "2004"]
[BlackElo "2334"]
[PlyCount "60"]
[EventDate "2011.01.09"]
[EventType "team-tourn"]
[EventRounds "10"]
[EventCountry "POL"]
[SourceTitle "EXT 2015"]
[Source "ChessBase"]
[SourceDate "2014.11.20"]
[SourceVersion "1"]
[SourceVersionDate "2014.11.20"]
[SourceQuality "1"]
[WhiteTeam "Bialoleka PKS Agape"]
[BlackTeam "Otwock UKS MDK"]
[WhiteTeamCountry "POL"]
[BlackTeamCountry "POL"]

1. e4 Nf6 2. Nc3 e5 3. Nf3 Nc6 4. Bc4 Nxe4 5. Nxe4 d5 6. Bxd5 Qxd5 7. d3 Bg4 8. Be3 0-0-0 9. h3 Bh5 10. Nc3 Bb4 11. g4 Bg6 12. 0-0 Qd7 13. Nh4 Be7 14. Ng2 h5 15. f4 hxg4 16. hxg4 exf4 17. Nxf4 Rh4 18. Nxg6 Rxg4+ 19. Kf2 Rxg6 20. Ke1 Bh4+ 21. Kd2 Rg2+ 22. Kc1 Nb4 23. Ne2 Qc6 24. Nd4 Rxd4 25. Bxd4 Nxc2 26. Bc3 Nxa1 27. Kb1 Nc2 28. Qh5 Ne3 29. Qh8+ Bd8 30. Qh3+ Qe6 0-1